000 00766nam a2200265Ia 4500
001 Para_5299
003 CHAP
008 220125s1919 xx 000 0 und d
010 _a203828
040 _cCHAP
090 _aPA FOLLETO 2640
100 _aYothers, W. W.
_9123183
245 _aThe wolly white fly in Florida citrus groves /
_c W. W. Yothers
260 _aWashington :
_b Department of Agriculture
300 _a14 p.
440 _aEUA. Dept. of Agriculture Farmers' bull.; 1011
_9169750
650 _aDialeurodes citri CĂ­tricos
_x Plagas
_9168560
901 _aPA FOLLETO 2640
902 _aA
905 _a0000001919 WAS 0000000000 00
910 _a1919
942 _cPARA
942 _cPARA
_d1
999 _c203828
_d203828